Fremd sprachen (Record no. 61521)
[ view plain ]
| 000 -LEADER | |
|---|---|
| fixed length control field | 00271nam a22000977a 4500 |
| 008 - FIXED-LENGTH DATA ELEMENTS--GENERAL INFORMATION | |
| fixed length control field | 230921b |||||||| |||| 00| 0 eng d |
| 040 ## - CATALOGING SOURCE | |
| Original cataloging agency | National Science Library |
| Transcribing agency | National Science Library |
| 245 ## - TITLE STATEMENT | |
| Title | Fremd sprachen |
| 260 ## - PUBLICATION, DISTRIBUTION, ETC. | |
| Name of publisher, distributor, etc. | Verlag Enzyklopadie Leipzig |
| 942 ## - ADDED ENTRY ELEMENTS (KOHA) | |
| Koha item type | Continuing Resources |
| Withdrawn status | Lost status | Materials specified (bound volume or other part) | Damaged status | Not for loan | Home library | Current library | Shelving location | Date acquired | Total Checkouts | Barcode | Date last seen | Price effective from | Koha item type |
|---|---|---|---|---|---|---|---|---|---|---|---|---|---|
| 1966 | National Science Library | National Science Library | FF/Rk-24/C-8/R-5 | 20/03/1970 | 29480 | 21/09/2023 | 20/03/1970 | Continuing Resources | |||||
| 1968 | National Science Library | National Science Library | FF/Rk-24/C-8/R-5 | 20/03/1970 | 29482 | 21/09/2023 | 20/03/1970 | Continuing Resources | |||||
| 1970 | National Science Library | National Science Library | FF/Rk-24/C-8/R-5 | 16/11/1973 | 55314 | 21/09/2023 | 16/11/1973 | Continuing Resources |